Miejscowości w powiecie limanowskim - Statystyki

Ogólne statystyki
  • Ten quiz został rozwiązany 78 razy
  • Średni wynik to 37 z 88
Statystyki odpowiedzi
Hint Odpowiedź % Poprawnych
M. Limanowa Limanowa
96%
M. Mszana Dolna Mszana Dolna
95%
Gm. Dobra Dobra
91%
Gm. Laskowa Laskowa
84%
Gm. Jodłownik Jodłownik
81%
Gm. Słopnice Słopnice
81%
Gm. Tymbark Tymbark
81%
Gm. Łukowica Łukowica
77%
Gm. Niedźwiedź Niedźwiedź
77%
Gm. Kamienica Kamienica
75%
Gm. Szczawa Szczawa
74%
Gm. Mszana Dolna Mszana Górna
72%
Gm. Mszana Dolna Kasinka Mała
60%
Gm. Jodłownik Szczyrzyc
60%
Gm. Mszana Dolna Kasina Wielka
58%
Gm. Limanowa Mordarka
56%
Gm. Dobra Jurków
54%
Gm. Niedźwiedź Poręba Wielka
54%
Gm. Tymbark Podłopień
53%
Gm. Mszana Dolna Lubomierz
51%
Gm. Limanowa Męcina
51%
Gm. Tymbark Zamieście
51%
Gm. Mszana Dolna Łętowe
47%
Gm. Mszana Dolna Łostówka
47%
Gm. Dobra Gruszowiec
46%
Gm. Dobra Półrzeczki
46%
Gm. Dobra Skrzydlna
46%
Gm. Limanowa Stara Wieś
46%
Gm. Niedźwiedź Konina
44%
Gm. Dobra Wilczyce
44%
Gm. Kamienica Zalesie
42%
Gm. Kamienica Zbludza
42%
Gm. Limanowa Łososina Górna
40%
Gm. Limanowa Nowe Rybie
40%
Gm. Limanowa Pisarzowa
40%
Gm. Niedźwiedź Podobin
40%
Gm. Jodłownik Wilkowisko
40%
Gm. Mszana Dolna Olszówka
39%
Gm. Mszana Dolna Raba Niżna
39%
Gm. Jodłownik Szyk
39%
Gm. Laskowa Ujanowice
39%
Gm. Tymbark Piekiełko
37%
Gm. Dobra Chyszówki
35%
Gm. Jodłownik Krasne-Lasocice
35%
Gm. Łukowica Młyńczyska
35%
Gm. Limanowa Pasierbiec
35%
Gm. Dobra Porąbka
35%
Gm. Limanowa Rupniów
35%
Gm. Limanowa Siekierczyna
35%
Gm. Limanowa Stare Rybie
35%
Gm. Dobra Stróża
35%
Gm. Dobra Wola Skrzydlańska
35%
Gm. Limanowa Kanina
33%
Gm. Tymbark Zawadka
33%
Gm. Mszana Dolna Glisne
32%
Gm. Limanowa Kłodne
32%
Gm. Jodłownik Kostrza
32%
Gm. Limanowa Młynne
32%
Gm. Jodłownik Góra Świętego Jana
30%
Gm. Jodłownik Janowice
30%
Gm. Jodłownik Mstów
30%
Gm. Limanowa Wysokie
30%
Gm. Kamienica Zasadne
30%
Gm. Laskowa Żmiąca
30%
Gm. Limanowa Kisielówka
28%
Gm. Łukowica Przyszowa
28%
Gm. Jodłownik Sadek
28%
Gm. Łukowica Świdnik
28%
Gm. Laskowa Jaworzna
26%
Gm. Laskowa Sechna
26%
Gm. Limanowa Sowliny
26%
Gm. Laskowa Kamionka Mała
25%
Gm. Limanowa Lipowe
25%
Gm. Łukowica Owieczka
25%
Gm. Dobra Przenosza
25%
Gm. Łukowica Roztoka
25%
Gm. Laskowa Strzeszyce
25%
Gm. Łukowica Jadamwola
23%
Gm. Łukowica Jastrzębie
23%
Gm. Limanowa Koszary
23%
Gm. Laskowa Krosna
23%
Gm. Limanowa Makowica
23%
Gm. Jodłownik Pogorzany
23%
Gm. Jodłownik Słupia
23%
Gm. Łukowica Stronie
23%
Gm. Limanowa Bałażówka
19%
Gm. Laskowa Kobyłczyna
19%
Gm. Limanowa Walowa Góra
19%
Nie znaleziono quizów pasujących do podanych kryteriów
Rozkład punktacji
Procent ludzi z każdym wynikiem
Percentyl według liczby udzielonych odpowiedzi
Twoja historia wyników
Nie rozwiązałeś tego quizu